<?xml version="1.0" encoding="UTF-8"?>
<record
    xmlns:xsi="http://www.w3.org/2001/XMLSchema-instance"
    xsi:schemaLocation="http://www.loc.gov/MARC21/slim http://www.loc.gov/standards/marcxml/schema/MARC21slim.xsd"
    xmlns="http://www.loc.gov/MARC21/slim">

  <leader>00668nam a22001457a 4500</leader>
  <controlfield tag="008">110621t        xxu||||| |||| 00| 0 eng d</controlfield>
  <datafield tag="010" ind1=" " ind2=" ">
    <subfield code="a">CACAF67</subfield>
  </datafield>
  <datafield tag="245" ind1=" " ind2=" ">
    <subfield code="a">The Court of Appeal Civil Application No. 30 of 1998</subfield>
  </datafield>
  <datafield tag="260" ind1=" " ind2=" ">
    <subfield code="c">1998</subfield>
  </datafield>
  <datafield tag="500" ind1=" " ind2=" ">
    <subfield code="a">Coram: Hon. Lady Justice A.E. Mpagi-Bahigeine, J.A.</subfield>
  </datafield>
  <datafield tag="500" ind1=" " ind2=" ">
    <subfield code="a">Application arising from the Civil Appeal No.20/98 </subfield>
  </datafield>
  <datafield tag="999" ind1=" " ind2=" ">
    <subfield code="c">3432</subfield>
    <subfield code="d">3432</subfield>
  </datafield>
  <datafield tag="952" ind1=" " ind2=" ">
    <subfield code="0">0</subfield>
    <subfield code="1">0</subfield>
    <subfield code="2">ddc</subfield>
    <subfield code="4">0</subfield>
    <subfield code="6">CACAF_67</subfield>
    <subfield code="7">0</subfield>
    <subfield code="9">5606</subfield>
    <subfield code="a">MAIN</subfield>
    <subfield code="b">MAIN</subfield>
    <subfield code="c">LRP</subfield>
    <subfield code="d">2011-06-21</subfield>
    <subfield code="l">0</subfield>
    <subfield code="o">CACAF  67</subfield>
    <subfield code="p">30/1998/3</subfield>
    <subfield code="r">2011-06-21 00:00:00</subfield>
    <subfield code="w">2011-06-21</subfield>
    <subfield code="y">LRT</subfield>
  </datafield>
  <datafield tag="952" ind1=" " ind2=" ">
    <subfield code="0">0</subfield>
    <subfield code="1">0</subfield>
    <subfield code="2">ddc</subfield>
    <subfield code="4">0</subfield>
    <subfield code="6">CACAF_67</subfield>
    <subfield code="7">0</subfield>
    <subfield code="9">5607</subfield>
    <subfield code="a">MAIN</subfield>
    <subfield code="b">MAIN</subfield>
    <subfield code="c">LRP</subfield>
    <subfield code="d">2011-06-21</subfield>
    <subfield code="l">0</subfield>
    <subfield code="o">CACAF  67</subfield>
    <subfield code="p">30/1998/4</subfield>
    <subfield code="r">2011-06-21 00:00:00</subfield>
    <subfield code="w">2011-06-21</subfield>
    <subfield code="y">LRT</subfield>
  </datafield>
  <datafield tag="952" ind1=" " ind2=" ">
    <subfield code="0">0</subfield>
    <subfield code="1">0</subfield>
    <subfield code="2">ddc</subfield>
    <subfield code="4">0</subfield>
    <subfield code="6">CACAF_67</subfield>
    <subfield code="7">0</subfield>
    <subfield code="9">5608</subfield>
    <subfield code="a">MAIN</subfield>
    <subfield code="b">MAIN</subfield>
    <subfield code="c">LRP</subfield>
    <subfield code="d">2011-06-21</subfield>
    <subfield code="l">0</subfield>
    <subfield code="o">CACAF  67</subfield>
    <subfield code="p">30/1998/5</subfield>
    <subfield code="r">2011-06-21 00:00:00</subfield>
    <subfield code="w">2011-06-21</subfield>
    <subfield code="y">LRT</subfield>
  </datafield>
</record>
